Największe miasta w pomorskim wg litery - Statystyki

Ogólne statystyki
  • Ten quiz został rozwiązany 105 razy
  • Średni wynik to 11 z 18
Statystyki odpowiedzi
Litera Liczba mieszkańców Miasto % Poprawnych
G 468.158 Gdańsk
97%
H 3.267 Hel
76%
S 90.769 Słupsk
76%
T 60.120 Tczew
75%
U 15.460 Ustka
74%
W 49.652 Wejherowo
74%
M 38.465 Malbork
71%
R 49.160 Rumia
70%
L 35.333 Lębork
66%
B 16.918 Bytów
63%
C 39.890 Chojnice
62%
Ł 3.644 Łeba
62%
J 2.704 Jastarnia
61%
P 31.135 Pruszcz Gdański
58%
K 38.444 Kwidzyn
48%
N 9.905 Nowy Dwór Gdański
46%
Ż 6.691 Żukowo
39%
D 5.354 Dzierzgoń
19%
Nie znaleziono quizów pasujących do podanych kryteriów
Rozkład punktacji
Procent ludzi z każdym wynikiem
Percentyl według liczby udzielonych odpowiedzi
Twoja historia wyników
Nie rozwiązałeś tego quizu